The Buddhist tradition in India, China & Japan. Edited by Wm. Theodore De Bary. With the collaboration of Yoshito Hakeda and Philip Yampolsky and with contributions by A. L. Basham, Leon Hurvitz, and Ryusaku Tsunoda.

The idea of this book is not so much to give an account of Buddhism in its historical development as to let Buddhists give an account of themselves.

Enregistré dans:
Détails bibliographiques
Auteur principal: Bary, Theodore De
Format: Livre
Langue:Undetermined
Publié: New York Modern Library 1969
Sujets:
Tags: Ajouter un tag
Pas de tags, Soyez le premier à ajouter un tag!
Thư viện lưu trữ: Trung tâm Học liệu Trường Đại học Cần Thơ
LEADER 00856nam a2200205Ia 4500
001 CTU_90434
008 210402s9999 xx 000 0 und d
082 |a 294.3 
082 |b B296 
100 |a Bary, Theodore De 
245 4 |a The Buddhist tradition in India, China & Japan. 
245 0 |b Edited by Wm. Theodore De Bary. With the collaboration of Yoshito Hakeda and Philip Yampolsky and with contributions by A. L. Basham, Leon Hurvitz, and Ryusaku Tsunoda. 
245 0 |c Theodore De Bary 
260 |a New York 
260 |b Modern Library 
260 |c 1969 
520 |a The idea of this book is not so much to give an account of Buddhism in its historical development as to let Buddhists give an account of themselves. 
650 |a Buddhism,Phật giáo 
904 |i Năm, Trúc 
980 |a Trung tâm Học liệu Trường Đại học Cần Thơ